| Tag |
First Indicator |
Second Indicator |
Subfields |
| LEADER |
00000cam a22000001 4500 |
| 001 |
in00000094811 |
| 005 |
20150927110547.0 |
| 008 |
711108s1965 enkac bd 00000 eng |
| 010 |
|
|
|a 65026661
|
| 035 |
|
|
|a (OCoLC)00568516
|
| 035 |
|
|
|9 AAL6685AM
|
| 040 |
|
|
|a DLC
|c DLC
|d TXA
|d UtOrBLW
|
| 049 |
|
|
|a TXAM
|v 1 [470813]
|v 2 [470814]
|
| 050 |
0 |
0 |
|a TR9
|b .F6 1965
|
| 082 |
0 |
|
|a 770.3
|
| 245 |
0 |
4 |
|a The Focal encyclopedia of photography.
|
| 250 |
|
|
|a [Fully rev. ed.].
|
| 264 |
|
1 |
|a London,
|a New York :
|b Focal Press,
|c [1965]
|
| 300 |
|
|
|a 2 volumes (xlviii, 1699 pages) :
|b illustrations (part color) portraits ;
|c 25 cm.
|
| 336 |
|
|
|a text
|b txt
|2 rdacontent
|
| 337 |
|
|
|a unmediated
|b n
|2 rdamedia
|
| 338 |
|
|
|a volume
|b nc
|2 rdacarrier
|
| 504 |
|
|
|a Includes bibliographies.
|
| 650 |
|
0 |
|a Photography
|v Dictionaries.
|
| 999 |
|
|
|a MARS
|
| 999 |
f |
f |
|s 4ce44341-99a2-3f05-ad87-c7268bf61442
|i 289fc8cb-382f-385d-a7ea-8133d453bf99
|t 0
|
| 952 |
f |
f |
|p normal
|a Texas A&M University
|b College Station
|c Sterling C. Evans Library
|d Evans: Library Stacks
|t 0
|e TR9 .F6 1965
|h Library of Congress classification
|i unmediated -- volume
|m A14805621701
|
| 952 |
f |
f |
|p normal
|a Texas A&M University
|b College Station
|c Sterling C. Evans Library
|d Evans: Library Stacks
|t 0
|e TR9 .F6 1965
|h Library of Congress classification
|i unmediated -- volume
|m A14805621719
|
| 998 |
f |
f |
|a TR9 .F6 1965
|s v.1-v.2
|t 0
|l Evans: Library Stacks
|